01135nam0a22002411 4500001001100000005001700011021001900028035002600047100004100073101000800114102000700122105001800129200004800147210003700195215001500232225004800247327019400295464023100489700010900720801001800829801002200847852002400869rc\398702620250610224048.0 aRUb[56-27933] a(NLR Aleph) 007937998 a20130415d1956 |||y0rusy50 ca0 arus aRU ay z |||c|1 aЖивое богатствоeОчерки aМоскваcПравдаd1956 a48 с.d171 aБиблиотека "Огонек"v№ 201 aСодерж.: Живое богатство; Калужские гуси; Степь Стрелецкая; В вологодских лесах; Наступление на Кырк-кыз 012001#$aЖивое богатство$aКалужские гуси$aСтепь Стрелецкая$aВ вологодских лесах$aНаступление на Кырк-кызtНаступление на Кырк-кыз 1aТитовbВ. С.cписательf1908-gВасилий Сергеевич3RU\NLR\AUTH\770212404 0aRUbNLRgpsbo 1aRUbELAR2rusmarc aNLRjЛ30 Г-2/3370